載入...

The Future of India's debt market/

書目詳細資料
其他作者: Bhardwaj, Gautam (Editor)
格式: Printed Book
語言:English
出版: New Delhi: Tata McGraw Hill, 1998.
叢編:Tata McGraw Hill Series;
主題:
LEADER 00643nam a22001937a 4500
008 191212b ||||| |||| 00| 0 eng d
999 |c 346462  |d 346462 
020 |a 0074635301 
082 |a  332.64254 
245 |a The Future of India's debt market/  |c Ed by Gautam Bhardwaj. 
260 |a New Delhi:  |b Tata McGraw Hill,  |c 1998. 
300 |b 258p. 
490 |a Tata McGraw Hill Series; 
650 0 |a India 
650 0 |a Securities 
650 0 |a Debt 
700 |a Bhardwaj, Gautam  |e Editor 
942 |c BK 
952 |0 0  |1 0  |2 ddc  |4 0  |6 332_642540000000000_BHA_F  |7 0  |9 398896  |a SDE  |b SDE  |c ST1  |d 2019-12-12  |i 1453  |l 0  |o 332.64254 BHA/F  |p SDE1453  |r 2019-12-12  |w 2019-12-12  |y BK